000 01118nam a22002655i 4500
001 166566
003 ES-MaACL
005 20250703061115.0
008 050915m18771878fr a | |||||||| ||fre d
040 _aCAM
_bspa
_cCAM
100 0 _aTouchatout.
_9133350
245 1 0 _aHistoire tintamarresque de Napoléon III
_b: illustrée de nombreux dessins /
_cTouchatout.
260 _aParis :
_bchez tous les libraires,
_c1877-1878 (
_fF. Aureau)
300 _a2 v. (803 ; 659 p.) :
_bil. ;
_c26 cm.
594 _aTít. de la segunda parte: "La dégringolade impériale" con il. de G. Lafosse.
594 _aTouchatout es seud. de Charles Léon Bienvenu.
596 _aEl imp. de la segunda parte: Typographie Tolmer et Isidor Joseph.
597 _aPort. cromolit. en la segunda parte.
600 0 4 _aNapoleón
_bIII
_cEmperador de Francia.
_984912
700 1 _aBienvenu, Charles Léon.
_9125989
700 1 _aTouchard-Lafosse, Georges,
_d1780-1847
_9133349
740 3 _aLa dégringolade impériale.
852 _aES-MaACL
_jC-2307-08
_z-- Enc. hol.
_z-- Legado de Modesto de la Fuente
999 _c166566
_d166566